Estadísticas para Barrios por Distritos: Fuencarral- El Pardo

Haz click aquí para intentar la prueba.

Estadísticas generales

  • Esta prueba ha sido intentada 12 veces
  • La puntuación promedio es 4 de 7

Estadísticas de respuestas

PistaBarrio% Correcto
Metro y cc Paco de Lucía, Ciudad de la RaquetaMirasierra
100%
Parque Norte, metro Herrera OriaLa Paz
75%
Parque Cerro PeñabelPeñagrande
75%
Centro comercial La Vaguada, Akira ComicsEl Pilar
63%
Hospital La Paz, estación cc Ramón y CajalValverde
38%
Universidad Autónoma (campus Cantoblanco), Base del ejército de tierraEl Goloso
13%
Anillo ciclistaFuentelarreina
13%

Distribución de puntuación

Porcentaje por número respondido

Porcentaje de gente con cada puntuación

Historial de tus puntuaciones

No has intentado esta prueba.